Proyecto de leyes de administración municipal y provincial / formulado por José Roura Masmitjá
Descripción Física:
70 p. ; 26 cm
MARC
| LEADER | 00000nam a2200000Ia 4500 | ||
|---|---|---|---|
| 001 | 20284 | ||
| 008 | 160829s1876 xx 000 0 cat d | ||
| 080 | |a 1606, exp. 2 | ||
| 100 | |a Roura Masmitjá, José |9 48407 | ||
| 245 | |a Proyecto de leyes de administración municipal y provincial / formulado por José Roura Masmitjá | ||
| 260 | |a Barcelona : |b Establecimiento Tipográfico de N. Ramírez y Comp., |c 1876 | ||
| 300 | |a 70 p. ; |c 26 cm | ||
| 590 | |a Hi ha un altre exemplar a 1985, exp. 20 | ||
| 650 | |a Municipis |x Govern i administració |x Dret i legislació |9 48643 | ||
| 650 | |a Administració provincial |x Dret i legislació |9 48644 | ||
| 901 | |a Arxiu | ||
| 942 | |n 1 | ||
| 952 | |0 0 |1 0 |4 0 |6 1606_EXP_2 |7 1 |9 54724 |a Arxiu |b Arxiu |d 2016-12-01 |l 0 |o 1606, exp. 2 |p 20284 |r 2016-12-01 00:00:00 |w 2016-12-01 |y ARXIU | ||
| 999 | |c 58593 |d 58593 | ||